| 000 | 00443nam a2200181Ia 4500 | ||
|---|---|---|---|
| 008 | 210210b1959 xxu||||| |||| 00| 0 eng d | ||
| 041 | _aeng | ||
| 082 | _a516/45 | ||
| 100 | _aLAMBE (C G) | ||
| 245 | _aAdvanced level applied mathemetics | ||
| 260 |
_aLondon _bThe English Universities Press Ltd. _c1959 |
||
| 650 | _amathemetics | ||
| 650 | _alevel | ||
| 650 | _aapplied | ||
| 650 | _aAdvanced | ||
| 690 | _astatics | ||
| 906 | _a007762 | ||
| 999 |
_c140429 _d140429 |
||